[Event "SV Soest 1 - SK Holsterhausen 1"]
[Site "NRW-Klasse - Gruppe 2 2019/20"]
[Date "2019.10.06"]
[Round "2.4"]
[White "Gerard, Marcel"]
[Black "Kortenbusch, Christoph"]
[Result "1-0"]
[WhiteElo "1948"]
[BlackElo "2055"]
[PlyCount "99"]
[EventDate "2019.??.??"]
[SourceVersionDate "2020.03.16"]
[WhiteTeam "SV Soest 1"]
[BlackTeam "SK Holsterhausen 1"]

1. c4 c5 2. g3 Nc6 3. Bg2 g6 4. Nc3 Bg7 5. e4 a6 6. Nge2 b5 7. d3 bxc4 8. dxc4
Rb8 9. b3 Nf6 10. O-O O-O 11. h3 Ne8 12. Be3 d6 13. Qd2 Nc7 14. Bh6 Ne6 15.
Bxg7 Kxg7 16. e5 Nxe5 17. f4 Nd7 18. f5 Nc7 19. Rad1 Ne5 20. f6+ exf6 21. Qxd6
Qxd6 22. Rxd6 Ne6 23. Rfd1 Re8 24. Na4 Ng5 25. Nf4 Nef3+ 26. Bxf3 Nxf3+ 27. Kf2
Ng5 28. Nxc5 Bxh3 29. Nxh3 Nxh3+ 30. Kf1 a5 31. Na4 Re5 32. R6d5 Ra8 33. c5 Ng5
34. Rd8 Rxd8 35. Rxd8 Ne6 36. Rc8 f5 37. c6 Rd5 38. Ke1 Rd3 39. c7 Kh6 40. Nc5
Rc3 41. Nxe6 fxe6 42. a3 Kg5 43. b4 axb4 44. axb4 Kg4 45. b5 Kf3 46. Kd2 Rc5
47. b6 e5 48. Re8 Rd5+ 49. Kc3 Rd7 50. c8=Q 1-0

[Event "SV Soest 1 - SK Holsterhausen 1"]
[Site "NRW-Klasse - Gruppe 2 2019/20"]
[Date "2019.10.06"]
[Round "2.5"]
[White "Lindenmaier, Reinhard"]
[Black "Luimes, Werner"]
[Result "1-0"]
[WhiteElo "1985"]
[BlackElo "1847"]
[PlyCount "89"]
[EventDate "2019.??.??"]
[SourceVersionDate "2020.03.16"]
[WhiteTeam "SK Holsterhausen 1"]
[BlackTeam "SV Soest 1"]

1. c4 e5 2. g3 Nc6 3. Bg2 g6 4. Nc3 Bg7 5. e3 Nge7 6. Nge2 d6 7. O-O Be6 8. Nd5
a5 9. d3 O-O 10. Bd2 Qd7 11. Bc3 h6 12. Qd2 f5 13. f4 g5 14. Rae1 Ng6 15. a3 b6
16. b4 axb4 17. axb4 Rab8 18. b5 Nce7 19. Qb2 Bxd5 20. cxd5 Ra8 21. Ra1 Kh7 22.
e4 g4 23. Rxa8 Rxa8 24. fxe5 Nxe5 25. Nf4 Kg8 26. d4 Nf3+ 27. Bxf3 gxf3 28. e5
Kh7 29. e6 Qe8 30. Rxf3 Ra4 31. Kg2 Qa8 32. Qb3 Ra3 33. Qc4 Qa7 34. Bb4 Ra2+
35. Rf2 Ra4 36. Rc2 Qa8 37. Kf2 Rxb4 38. Qxb4 Nxd5 39. Qd2 Nf6 40. Kg1 Ne4 41.
Qd1 Qa4 42. Rc1 Bxd4+ 43. Kg2 Qxb5 44. Qxd4 c5 45. Qd3 1-0

[Event "SV Soest 1 - SK Holsterhausen 1"]
[Site "NRW-Klasse - Gruppe 2 2019/20"]
[Date "2019.10.06"]
[Round "2.6"]
[White "Schwarzkopp, Franz"]
[Black "Sicars, Thorsten"]
[Result "1/2-1/2"]
[WhiteElo "1793"]
[BlackElo "1988"]
[PlyCount "83"]
[EventDate "2019.??.??"]
[SourceVersionDate "2020.03.16"]
[WhiteTeam "SV Soest 1"]
[BlackTeam "SK Holsterhausen 1"]

1. e4 d6 2. d4 Nf6 3. Bd3 e5 4. c3 Be7 5. Nf3 Nbd7 6. O-O O-O 7. Be3 c6 8. h3
Re8 9. Re1 a5 10. a4 Qc7 11. Nbd2 Nf8 12. dxe5 dxe5 13. Nc4 N6d7 14. Qc2 Ng6
15. Bf1 Bc5 16. Qd2 Bxe3 17. Qxe3 b6 18. Red1 Nc5 19. b4 Nd7 20. Nd6 Rf8 21.
Bc4 h6 22. Nf5 Kh7 23. Nd6 Kg8 24. Bb3 Nh8 25. Nh4 Kh7 26. Nhf5 Nf6 27. Nxc8
Rfxc8 28. Rd2 Rd8 29. Rad1 Rxd2 30. Rxd2 axb4 31. cxb4 Ng6 32. g3 Rd8 33. Rxd8
Qxd8 34. Bxf7 Qd1+ 35. Kg2 Qc2 36. Qf3 Qxa4 37. Bxg6+ Kxg6 38. Nd6 Kh7 39. Qf5+
Kh8 40. Qc8+ Kh7 41. Qf5+ Kh8 42. Qc8+ 1/2-1/2

[Event "SV Soest 1 - SK Holsterhausen 1"]
[Site "NRW-Klasse - Gruppe 2 2019/20"]
[Date "2019.10.06"]
[Round "2.7"]
[White "Warmbier, Robert"]
[Black "Enste, Thomas"]
[Result "0-1"]
[WhiteElo "1886"]
[BlackElo "1759"]
[Annotator "Daniel"]
[PlyCount "61"]
[EventDate "2019.??.??"]
[SourceVersionDate "2020.03.16"]
[WhiteTeam "SK Holsterhausen 1"]
[BlackTeam "SV Soest 1"]

1. e4 e5 2. Nf3 f5 3. Bc4 fxe4 4. Nxe5 d5 5. Qh5+ g6 6. Nxg6 hxg6 7. Qxh8 Kf7
8. Qd4 Be6 9. Bb3 c5 10. Qe3 c4 11. Ba4 Bh6 12. Qe2 Na6 13. O-O Nc5 14. f3 e3
15. dxe3 Nxa4 16. f4 Nf6 17. Nd2 Qb6 18. Kh1 Rh8 19. Nf3 Ne4 20. Kg1 Kg7 21.
Nd4 Nac5 22. g4 Kh7 23. a4 a5 24. Bd2 Nxd2 25. Qxd2 Bxg4 26. Nb5 Rd8 27. Rae1
Bh3 28. Rf3 Bg4 29. Rff1 Ne6 30. Qg2 Bf5 31. Qg3 {ZÃo} 0-1

[Event "SV Soest 1 - SK Holsterhausen 1"]
[Site "NRW-Klasse - Gruppe 2 2019/20"]
[Date "2019.10.06"]
[Round "2.8"]
[White "Dongash, Viktor"]
[Black "Krieglstein, Marcel"]
[Result "1-0"]
[WhiteElo "1756"]
[BlackElo "1832"]
[PlyCount "189"]
[EventDate "2019.??.??"]
[SourceVersionDate "2020.03.16"]
[WhiteTeam "SV Soest 1"]
[BlackTeam "SK Holsterhausen 1"]

1. d4 d5 2. c4 e6 3. cxd5 exd5 4. Nc3 Nf6 5. Bg5 Be7 6. e3 O-O 7. Bd3 c6 8. h3
Nbd7 9. Nf3 h6 10. Bh4 Ne4 11. Nxe4 dxe4 12. Bxe4 Bxh4 13. g3 Be7 14. a3 Nf6
15. Bc2 Qd5 16. g4 Be6 17. O-O g6 18. Re1 Ne4 19. Qd3 Ng5 20. Nxg5 Qxg5 21. f4
Qb5 22. Qc3 c5 23. d5 Bxd5 24. Qe5 Bh4 25. Qxd5 Bxe1 26. Rxe1 Rad8 27. Qe5 Qb6
28. Re2 Qd6 29. Qc3 Rfe8 30. Kf2 b5 31. h4 Qe7 32. g5 h5 33. Qb3 Qd6 34. Qxb5
Rb8 35. Qa4 Re7 36. b3 Qd5 37. e4 Qd4+ 38. Qxd4 cxd4 39. Rd2 Rd7 40. Kg2 Rc8
41. Bd3 Rc3 42. Bc4 d3 43. Kf3 Rc1 44. e5 Kf8 45. a4 Ke7 46. Bb5 Rd8 47. Bc4
Rh1 48. Kg3 Re1 49. Kf3 Rd4 50. Bxd3 Rh1 51. Ke3 Rd8 52. Ke4 Rxh4 53. Rc2 Rh3
54. Bb5 Rxb3 55. Rc7+ Kf8 56. Bc4 Rb4 57. Rxf7+ Ke8 58. Rc7 Rxa4 59. f5 gxf5+
60. Kxf5 Ra1 61. Bf7+ Kf8 62. Bxh5 Rf1+ 63. Ke6 Rg1 64. g6 Rg5 65. Rh7 Rxh5 66.
Rxh5 Kg7 67. Kf5 a5 68. Rh7+ Kg8 69. Ra7 Rf8+ 70. Ke6 Re8+ 71. Kf5 Rf8+ 72. Ke4
Rf1 73. Rxa5 Kg7 74. Ra6 Re1+ 75. Kd5 Rd1+ 76. Ke6 Kxg6 77. Ra8 Kg7 78. Ke7 Rd2
79. e6 Rd1 80. Rd8 Re1 81. Rd3 Kg6 82. Rf3 Re2 83. Kd7 Rd2+ 84. Ke8 Re2 85. e7
Kg7 86. Rd3 Kf6 87. Rd6+ Kg7 88. Rd3 Kf6 89. Rf3+ Kg7 90. Rf7+ Kg8 91. Rf8+ Kg7
92. Kd7 Rd2+ 93. Kc6 Rc2+ 94. Kd5 Rd2+ 95. Kc4 1-0

[Event "SV Wattenscheid 2 - SF Essen-Katernberg"]
[Site "NRW-Klasse - Gruppe 2 2019/20"]
[Date "2019.10.06"]
[Round "2.1"]
[White "Gassmann, Volker"]
[Black "Buchenthal, Dieter"]
[Result "1-0"]
[WhiteElo "2229"]
[BlackElo "2103"]
[PlyCount "67"]
[EventDate "2019.??.??"]
[SourceVersionDate "2020.03.16"]
[WhiteTeam "SF Essen-Katernberg  2"]
[BlackTeam "SV Wattenscheid 2"]

1. c4 b6 2. Nc3 Bb7 3. e4 c5 4. g3 g6 5. Bg2 f5 6. d3 Nh6 7. Nge2 Bg7 8. O-O
O-O 9. Bg5 Nf7 10. Be3 Nd6 11. b3 Nc6 12. Qd2 Ne5 13. f3 Rf7 14. h3 fxe4 15.
dxe4 Qf8 16. f4 Nc6 17. Rad1 Rd8 18. Kh2 Ne8 19. e5 g5 20. Ne4 gxf4 21. gxf4 h6
22. N2g3 Kh8 23. Qe2 Bc8 24. Qh5 Kg8 25. Nxc5 Nc7 26. Nd3 d5 27. Nc1 e6 28.
cxd5 Nxd5 29. Bxd5 exd5 30. Nce2 Ba6 31. Rfe1 d4 32. e6 Rf6 33. Nxd4 Nxd4 34.
Bxd4 1-0

[Event "SV Wattenscheid 2 - SF Essen-Katernberg"]
[Site "NRW-Klasse - Gruppe 2 2019/20"]
[Date "2019.10.06"]
[Round "2.2"]
[White "Lang, Daniel"]
[Black "Villwock, Martin"]
[Result "1/2-1/2"]
[WhiteElo "2069"]
[BlackElo "2075"]
[PlyCount "81"]
[EventDate "2019.??.??"]
[SourceVersionDate "2020.03.16"]
[WhiteTeam "SV Wattenscheid 2"]
[BlackTeam "SF Essen-Katernberg  2"]

1. d4 Nf6 2. Bg5 c5 3. e3 Qb6 4. b3 g6 5. Nf3 Bg7 6. Nbd2 O-O 7. Rc1 cxd4 8.
exd4 d6 9. Bd3 Nc6 10. c3 e5 11. O-O exd4 12. Nc4 Qc5 13. cxd4 Nxd4 14. Bf4 Bg4
15. Nce5 Bxf3 16. Nxf3 Qd5 17. Nxd4 Qxd4 18. Be3 Qd5 19. Rc7 Rac8 20. Rxc8 Rxc8
21. Bc4 Qc6 22. Qd3 d5 23. Bb5 Qc7 24. Bd4 a6 25. Bxf6 Bxf6 26. Qf3 Be5 27. Bd3
Bxh2+ 28. Kh1 Be5 29. Qxd5 Rd8 30. Qf3 Rd4 31. g3 Qd7 32. Rd1 h5 33. Be2 Rxd1+
34. Bxd1 h4 35. gxh4 Qd4 36. Kg2 Qxh4 37. Qxb7 Qh2+ 38. Kf1 Qh3+ 39. Ke2 Qe6
40. Qe4 f5 41. Qc4 1/2-1/2

[Event "SV Wattenscheid 2 - SF Essen-Katernberg"]
[Site "NRW-Klasse - Gruppe 2 2019/20"]
[Date "2019.10.06"]
[Round "2.3"]
[White "Dahm, Bernd"]
[Black "Gohla, Ulf"]
[Result "1-0"]
[WhiteElo "2104"]
[BlackElo "2183"]
[Annotator "Daniel"]
[PlyCount "79"]
[EventDate "2019.??.??"]
[SourceVersionDate "2020.03.16"]
[WhiteTeam "SF Essen-Katernberg  2"]
[BlackTeam "SV Wattenscheid 2"]

1. d4 Nf6 2. c4 e6 3. Nc3 Bb4 4. Qc2 O-O 5. Nf3 d6 6. Bg5 Nbd7 7. e3 b6 8. Be2
Bb7 9. O-O Bxc3 10. Bxf6 Nxf6 11. Qxc3 Ne4 12. Qc2 f5 13. Nd2 Nxd2 14. Qxd2 Qg5
15. f3 e5 16. d5 f4 17. e4 a5 18. Rfc1 $11 Qe7 19. Bf1 g5 20. h3 h5 21. Kf2 g4
22. hxg4 hxg4 23. Ke2 gxf3+ 24. gxf3 Kf7 25. Bh3 Bc8 26. Rh1 Rh8 27. Bxc8 Raxc8
28. Kd3 Rh4 29. Rag1 Rg8 30. Rxg8 Kxg8 31. Qg2+ Kf7 32. Rg1 Ke8 33. Qg8+ Kd7
34. Qa8 Qh7 35. Rg8 Qxg8 36. Qxg8 Rh2 37. Kc3 Re2 38. Kb3 Rf2 39. Qg4+ Kd8 40.
Qh4+ 1-0

[Event "SV Wattenscheid 2 - SF Essen-Katernberg"]
[Site "NRW-Klasse - Gruppe 2 2019/20"]
[Date "2019.10.06"]
[Round "2.4"]
[White "Peter, Thomas"]
[Black "Irkilmez, Yakub"]
[Result "1-0"]
[WhiteElo "2083"]
[BlackElo "2047"]
[PlyCount "129"]
[EventDate "2019.??.??"]
[SourceVersionDate "2020.03.16"]
[WhiteTeam "SV Wattenscheid 2"]
[BlackTeam "SF Essen-Katernberg  2"]

1. e4 e6 2. d4 d5 3. Nc3 Nf6 4. Bg5 Bb4 5. e5 h6 6. exf6 hxg5 7. fxg7 Rg8 8. h4
gxh4 9. Qg4 Qf6 10. Qxh4 Qxg7 11. Qh7 Qf8 12. O-O-O Bxc3 13. bxc3 Nc6 14. Nf3
Bd7 15. Qh4 f6 16. Qh5+ Qf7 17. Qxf7+ Kxf7 18. g3 Rh8 19. Bb5 Rae8 20. Rde1 Nb8
21. Bd3 Nc6 22. a3 Kg7 23. Rxh8 Rxh8 24. Bb5 Re8 25. c4 Kf7 26. cxd5 exd5 27.
Rxe8 Bxe8 28. Bxc6 Bxc6 29. Kd2 b6 30. Nh4 Bd7 31. Ng2 Ke7 32. Ne3 Kd6 33. g4
c5 34. c3 a5 35. f4 Be6 36. f5 Bf7 37. Ng2 Kc6 38. Nf4 Kb5 39. dxc5 bxc5 40.
Nh5 Kc4 41. Nxf6 d4 42. g5 dxc3+ 43. Kc2 Kd4 44. g6 Ba2 45. g7 Ke5 46. g8=Q
Bxg8 47. Nxg8 Kxf5 48. Ne7+ Ke6 49. Nc6 Kd5 50. Nxa5 Kd4 51. a4 c4 52. Nb7 Kd5
53. Kxc3 Kc6 54. Nd8+ Kd7 55. Nf7 Kc7 56. Kxc4 Kb6 57. Kb4 Ka6 58. a5 Ka7 59.
Kb5 Kb7 60. Nd6+ Ka7 61. a6 Kb8 62. Kb6 Ka8 63. Nb5 Kb8 64. a7+ Ka8 65. Nc7#
1-0

[Event "SV Wattenscheid 2 - SF Essen-Katernberg"]
[Site "NRW-Klasse - Gruppe 2 2019/20"]
[Date "2019.10.06"]
[Round "2.5"]
[White "Dette, Jan"]
[Black "Schlange, Stefan"]
[Result "1/2-1/2"]
[WhiteElo "2083"]
[BlackElo "2116"]
[PlyCount "94"]
[EventDate "2019.??.??"]
[SourceVersionDate "2020.03.16"]
[WhiteTeam "SF Essen-Katernberg  2"]
[BlackTeam "SV Wattenscheid 2"]

1. e4 e5 2. Bc4 Nf6 3. d4 exd4 4. Nf3 Nxe4 5. Qxd4 Nf6 6. Nc3 c6 7. Bg5 d5 8.
O-O-O Be7 9. Rhe1 Be6 10. Bd3 Nbd7 11. Qh4 Ng8 12. Kb1 Nf8 13. Ne2 h6 14. Bxe7
Qxe7 15. Qa4 Nf6 16. Nf4 N6d7 17. Nd4 Nc5 18. Qa3 Nxd3 19. Qxd3 O-O-O 20. Qe3
Qc5 21. Nfxe6 Nxe6 22. Nxe6 Qxe3 23. Rxe3 fxe6 24. Rxe6 Rhf8 25. f3 Rde8 26.
Rde1 Rxe6 27. Rxe6 Kd7 28. Re2 Kd6 29. c3 a5 30. b3 c5 31. Kc2 b5 32. Kd3 Ra8
33. f4 Rf8 34. g3 g5 35. Rf2 gxf4 36. gxf4 Rf5 37. Ke3 b4 38. c4 d4+ 39. Ke4
Ke6 40. Rg2 Rf6 41. Rg8 Kf7 42. Rc8 Re6+ 43. Kd3 Re3+ 44. Kd2 Rh3 45. Rxc5
Rxh2+ 46. Kd3 Rxa2 47. Kxd4 Ra3 1/2-1/2

[Event "SV Wattenscheid 2 - SF Essen-Katernberg"]
[Site "NRW-Klasse - Gruppe 2 2019/20"]
[Date "2019.10.06"]
[Round "2.6"]
[White "Schmedders, Hans-Gerd"]
[Black "Heldt, Maximilian"]
[Result "1-0"]
[WhiteElo "2106"]
[BlackElo "2078"]
[PlyCount "61"]
[EventDate "2019.??.??"]
[SourceVersionDate "2020.03.16"]
[WhiteTeam "SV Wattenscheid 2"]
[BlackTeam "SF Essen-Katernberg  2"]

1. d4 Nf6 2. Bg5 e6 3. e4 Be7 4. Nc3 c5 5. e5 Nd5 6. Bxe7 Qxe7 7. Ne4 cxd4 8.
Nd6+ Kd8 9. Nf3 f6 10. Qxd4 Nc6 11. Qe4 Rf8 12. c4 Nxe5 13. cxd5 Qxd6 14. O-O-O
Nxf3 15. gxf3 exd5 16. Qxh7 b6 17. Qxg7 Bb7 18. Kb1 d4 19. Qg4 Rc8 20. Bd3 Rc5
21. h4 Bd5 22. Be4 Bf7 23. Qg3 Qe6 24. b3 Ra5 25. Bc2 Qc6 26. Rhe1 Be6 27. Rc1
Qc5 28. Bd3 Qa3 29. Rc2 Qb4 30. Rxe6 dxe6 31. Qc7+ 1-0

[Event "SV Wattenscheid 2 - SF Essen-Katernberg"]
[Site "NRW-Klasse - Gruppe 2 2019/20"]
[Date "2019.10.06"]
[Round "2.7"]
[White "Gorainow, Nikita"]
[Black "Leveikina, Jevgenija"]
[Result "1-0"]
[WhiteElo "1996"]
[BlackElo "2020"]
[PlyCount "67"]
[EventDate "2019.??.??"]
[SourceVersionDate "2020.03.16"]
[WhiteTeam "SF Essen-Katernberg  2"]
[BlackTeam "SV Wattenscheid 2"]

1. e4 c6 2. Nc3 d5 3. Nf3 Nf6 4. e5 Ne4 5. Ne2 Qb6 6. d4 e6 7. Nfg1 f6 8. f3
Ng5 9. h4 Nf7 10. f4 c5 11. c3 cxd4 12. cxd4 Nc6 13. Nf3 Bd7 14. g3 Rc8 15. Bg2
Nb4 16. O-O Nc2 17. Rb1 Bb5 18. Rf2 Nb4 19. Ne1 fxe5 20. Be3 e4 21. a3 Nc6 22.
Bh3 Ne7 23. Nc3 Nd8 24. Qh5+ g6 25. Qe5 Bd7 26. Qxh8 Rxc3 27. Ng2 Qb3 28. Re1
Rd3 29. Qxh7 Ndc6 30. h5 Nxd4 31. Bxd4 Rxd4 32. hxg6 Nxg6 33. Qxg6+ Kd8 34.
Qf6+ 1-0

[Event "SV Wattenscheid 2 - SF Essen-Katernberg"]
[Site "NRW-Klasse - Gruppe 2 2019/20"]
[Date "2019.10.06"]
[Round "2.8"]
[White "Thelen, Thomas"]
[Black "Krueger, Erich"]
[Result "1-0"]
[WhiteElo "2019"]
[BlackElo "2061"]
[PlyCount "73"]
[EventDate "2019.??.??"]
[SourceVersionDate "2020.03.16"]
[WhiteTeam "SV Wattenscheid 2"]
[BlackTeam "SF Essen-Katernberg  2"]

1. d4 Nf6 2. c4 g6 3. Nc3 Bg7 4. e4 d6 5. f3 O-O 6. Be3 b6 7. Qd2 c5 8. d5 e6
9. Nge2 exd5 10. cxd5 Nbd7 11. Ng3 h5 12. Bg5 a6 13. a4 Qc7 14. Be2 Nh7 15. Bh6
h4 16. Bxg7 Kxg7 17. Nf1 Ne5 18. Ne3 h3 19. f4 hxg2 20. Rg1 Nd7 21. Rxg2 Ndf6
22. h4 Qe7 23. Bf3 Nh5 24. Bxh5 Qxh4+ 25. Qf2 Qh1+ 26. Nf1 Qxh5 27. Ng3 Qh3 28.
O-O-O Rh8 29. Rh1 Qd7 30. Nh5+ Kg8 31. Qh4 Kf8 32. Nf6 Nxf6 33. Qxh8+ Ke7 34.
e5 Nh5 35. Rxh5 gxh5 36. Qf6+ Kf8 37. exd6 1-0

[Event "SF Essen-Werden 1 - SK Münster 3"]
[Site "NRW-Klasse - Gruppe 2 2019/20"]
[Date "2019.10.06"]
[Round "2.1"]
[White "Seegers, Hendrik"]
[Black "Kaufeld, Juergen"]
[Result "1/2-1/2"]
[WhiteElo "2089"]
[BlackElo "2221"]
[PlyCount "69"]
[EventDate "2019.??.??"]
[SourceVersionDate "2020.03.16"]
[WhiteTeam "SK Münster 3"]
[BlackTeam "SF Essen-Werden 1"]

1. d4 Nf6 2. Nf3 g6 3. Bf4 Bg7 4. e3 O-O 5. Be2 d6 6. O-O c5 7. Nc3 Nh5 8. Bg5
h6 9. Bh4 g5 10. Ne1 cxd4 11. exd4 Nf4 12. Bg3 Nxe2+ 13. Nxe2 Qb6 14. b3 Nc6
15. c3 e5 16. Nc2 f5 17. f3 Qc7 18. Bf2 a6 19. Ne3 Ne7 20. dxe5 dxe5 21. Nd5
Nxd5 22. Qxd5+ Kh7 23. Rad1 Bf6 24. Qc5 Qxc5 25. Bxc5 Re8 26. c4 Be6 27. Nc3
Rac8 28. Nd5 Bxd5 29. Rxd5 Red8 30. Rfd1 Rxc5 31. Rxd8 Bxd8 32. Rxd8 b5 33.
Rd7+ Kg6 34. Rd6+ Kg7 35. Rxa6 1/2-1/2

[Event "SF Essen-Werden 1 - SK Münster 3"]
[Site "NRW-Klasse - Gruppe 2 2019/20"]
[Date "2019.10.06"]
[Round "2.2"]
[White "Kauch, Markus"]
[Black "Korth, Daniel"]
[Result "1/2-1/2"]
[WhiteElo "2175"]
[BlackElo "2153"]
[PlyCount "48"]
[EventDate "2019.??.??"]
[SourceVersionDate "2020.03.16"]
[WhiteTeam "SF Essen-Werden 1"]
[BlackTeam "SK Münster 3"]

1. Nf3 Nf6 2. g3 d5 3. Bg2 c6 4. d3 Bg4 5. Nbd2 Nbd7 6. O-O e5 7. e4 Bd6 8.
exd5 cxd5 9. c4 O-O 10. cxd5 Nxd5 11. Qb3 Nc7 12. d4 Be6 13. Qd1 Bd5 14. Nxe5
Nxe5 15. Bxd5 Nxd5 16. dxe5 Bxe5 17. Nf3 Bf6 18. Qb3 Qd7 19. Rd1 Rad8 20. Be3
b6 21. Bd4 Qf5 22. Rd2 Bxd4 23. Rxd4 Nf6 24. Rad1 Rxd4 1/2-1/2

[Event "SF Essen-Werden 1 - SK Münster 3"]
[Site "NRW-Klasse - Gruppe 2 2019/20"]
[Date "2019.10.06"]
[Round "2.3"]
[White "Mueschenich, Stefan"]
[Black "ter Steeg, Marcus"]
[Result "1-0"]
[WhiteElo "2073"]
[BlackElo "2023"]
[Annotator "Daniel"]
[PlyCount "113"]
[EventDate "2019.??.??"]
[SourceVersionDate "2020.03.16"]
[WhiteTeam "SK Münster 3"]
[BlackTeam "SF Essen-Werden 1"]

1. e4 e5 2. Nf3 Nc6 3. Bb5 Nge7 4. O-O g6 5. d4 exd4 6. Nxd4 Bg7 7. Be3 O-O 8.
Nc3 a6 9. Bxc6 bxc6 10. Nde2 Rb8 11. b3 f5 12. Bd4 d6 13. Bxg7 Kxg7 14. Qd4+
Kg8 15. Rad1 Qe8 16. e5 dxe5 17. Qxe5 Nd5 18. Qxe8 Rxe8 19. Rd2 a5 20. Na4 Nb4
21. c3 Na6 22. Rfd1 Be6 23. Nd4 Bd7 24. Nf3 Bc8 25. Kf1 h6 26. Re1 Rxe1+ 27.
Kxe1 Be6 28. Ne5 Bd5 29. f4 g5 30. g3 Be4 31. Kf2 gxf4 $11 32. gxf4 Kg7 33. Nb2
Nc5 34. Ke3 a4 35. Nxa4 Nxa4 36. bxa4 Ra8 37. Rd7+ Kf6 38. Rxc7 Rxa4 39. Rh7
Rxa2 40. Rxh6+ Kg7 41. Rh5 Rc2 42. Kd4 Rf2 43. Rh4 Rd2+ 44. Kc5 Rc2 45. c4 Kf6
46. h3 Kg7 47. Kd6 Rd2+ 48. Ke6 Rc2 49. Rh5 Rg2 50. h4 Kf8 51. Rg5 Rxg5 52.
hxg5 Kg7 53. Kd6 Bg2 54. c5 Be4 55. Nxc6 Kg6 56. Ne7+ Kh5 57. Ke5 1-0

[Event "SF Essen-Werden 1 - SK Münster 3"]
[Site "NRW-Klasse - Gruppe 2 2019/20"]
[Date "2019.10.06"]
[Round "2.4"]
[White "Claussen, Uwe"]
[Black "Wieder, Heiner"]
[Result "0-1"]
[WhiteElo "2011"]
[BlackElo "2045"]
[PlyCount "74"]
[EventDate "2019.??.??"]
[SourceVersionDate "2020.03.16"]
[WhiteTeam "SF Essen-Werden 1"]
[BlackTeam "SK Münster 3"]

1. e4 c5 2. Nc3 d6 3. g3 Nc6 4. Bg2 g6 5. d3 Bg7 6. f4 e6 7. Nf3 Nge7 8. O-O
O-O 9. Be3 Bd7 10. e5 Nf5 11. Bf2 dxe5 12. fxe5 Nxe5 13. Bxc5 Ng4 14. Qe2 Re8
15. Ne4 Qc7 16. Nfg5 h5 17. c3 f6 18. Nf3 Bc6 19. Nfd2 b6 20. h3 Ngh6 21. Bf2
Rad8 22. g4 hxg4 23. hxg4 Nf7 24. gxf5 exf5 25. Bg3 Qd7 26. Bh3 Qxd3 27. Qh2
fxe4 28. Nb3 e3 29. Nd4 e2 30. Rfe1 Rxd4 31. cxd4 Ng5 32. Bg2 Bxg2 33. Qxg2
Nf3+ 34. Kh1 f5 35. Be5 Kf7 36. Rxe2 Rh8+ 37. Bh2 Rxh2+ 0-1

[Event "SF Essen-Werden 1 - SK Münster 3"]
[Site "NRW-Klasse - Gruppe 2 2019/20"]
[Date "2019.10.06"]
[Round "2.5"]
[White "Kaufhold, Thomas"]
[Black "Huette, Stefan"]
[Result "1/2-1/2"]
[WhiteElo "2022"]
[BlackElo "1994"]
[PlyCount "38"]
[EventDate "2019.??.??"]
[SourceVersionDate "2020.03.16"]
[WhiteTeam "SK Münster 3"]
[BlackTeam "SF Essen-Werden 1"]

1. d4 d6 2. c4 e5 3. dxe5 dxe5 4. Qxd8+ Kxd8 5. Nf3 f6 6. Nc3 Be6 7. e3 Nd7 8.
Be2 c6 9. O-O Kc7 10. a3 Nc5 11. b4 Nb3 12. Rb1 Nxc1 13. Rfxc1 Nh6 14. e4 Nf7
15. Nd5+ Kd7 16. Ne3 Rd8 17. c5 g6 18. Bc4 Bxc4 19. Nxc4 Bh6 1/2-1/2

[Event "SF Essen-Werden 1 - SK Münster 3"]
[Site "NRW-Klasse - Gruppe 2 2019/20"]
[Date "2019.10.06"]
[Round "2.6"]
[White "Rehfeldt, Jens"]
[Black "Niermann, Rainer"]
[Result "1-0"]
[WhiteElo "1938"]
[BlackElo "1997"]
[PlyCount "67"]
[EventDate "2019.??.??"]
[SourceVersionDate "2020.03.16"]
[WhiteTeam "SF Essen-Werden 1"]
[BlackTeam "SK Münster 3"]

1. e4 Nc6 2. d4 d5 3. e5 Bf5 4. Ne2 Qd7 5. Ng3 Bg6 6. c3 f6 7. f4 e6 8. Be3 Nh6
9. Nd2 Be7 10. Nf3 Nf5 11. Bf2 O-O-O 12. Bb5 a6 13. Ba4 Rdf8 14. O-O h5 15. b4
Nxg3 16. Bxg3 b5 17. Bb3 fxe5 18. fxe5 h4 19. Be1 h3 20. g3 Bh5 21. Qd3 Bxf3
22. Rxf3 Rxf3 23. Qxf3 Rf8 24. Qg4 Bg5 25. Qxg5 Qf7 26. Qf4 Qe7 27. Qg4 Qf7 28.
Qxh3 Qf3 29. Qg2 Qe3+ 30. Kh1 Qd3 31. Bd2 Nxd4 32. cxd4 Qxd4 33. Rd1 Rf2 34.
Be1 1-0

[Event "SF Essen-Werden 1 - SK Münster 3"]
[Site "NRW-Klasse - Gruppe 2 2019/20"]
[Date "2019.10.06"]
[Round "2.7"]
[White "Meyer, Ulrich"]
[Black "Mohnke, Martin"]
[Result "0-1"]
[WhiteElo "1819"]
[BlackElo "1921"]
[PlyCount "112"]
[EventDate "2019.??.??"]
[SourceVersionDate "2020.03.16"]
[WhiteTeam "SK Münster 3"]
[BlackTeam "SF Essen-Werden 1"]

1. d4 Nf6 2. Bg5 Ne4 3. h4 c5 4. d5 Qb6 5. Nd2 h6 6. Bf4 Qxb2 7. Nxe4 Qb4+ 8.
Qd2 Qxe4 9. e3 e6 10. dxe6 Qxe6 11. c4 Be7 12. Nf3 Nc6 13. Be2 O-O 14. Rd1 Rd8
15. h5 d6 16. g4 Ne5 17. Qc3 Nxg4 18. Rg1 Qf6 19. Qxf6 Nxf6 20. Bxh6 Nxh5 21.
Ng5 f6 22. Nf7 Kxf7 23. Bxh5+ Ke6 24. Rxg7 Rh8 25. Bf7+ Kd7 26. Bf4 Rh1+ 27.
Ke2 Rxd1 28. Kxd1 Rb8 29. Bg6 Kd8 30. Bf7 Bf5 31. f3 Kd7 32. e4 Be6 33. Bd2
Bxf7 34. Rxf7 Ke6 35. Rh7 b5 36. cxb5 Rxb5 37. Bc3 Rb1+ 38. Ke2 Rc1 39. Bd2 Ra1
40. f4 Rxa2 41. f5+ Kd7 42. Kd1 Ra4 43. Bc3 Rxe4 44. Bxf6 Ke8 45. Bc3 Rf4 46.
Rh8+ Kd7 47. Rh5 Rh4 48. Rxh4 Bxh4 49. Ke2 Ke7 50. Kf3 Bf6 51. Be1 d5 52. Bf2
Kd6 53. Bg3+ Kc6 54. Ke2 a5 55. Kd3 c4+ 56. Kc2 Kc5 0-1

[Event "SF Essen-Werden 1 - SK Münster 3"]
[Site "NRW-Klasse - Gruppe 2 2019/20"]
[Date "2019.10.06"]
[Round "2.8"]
[White "Bury, Tobias"]
[Black "Wingenfeld, Klaus"]
[Result "1/2-1/2"]
[WhiteElo "1879"]
[BlackElo "1896"]
[PlyCount "49"]
[EventDate "2019.??.??"]
[SourceVersionDate "2020.03.16"]
[WhiteTeam "SF Essen-Werden 1"]
[BlackTeam "SK Münster 3"]

1. e4 c5 2. Nf3 Nc6 3. d4 cxd4 4. Nxd4 Nf6 5. Nc3 d6 6. f3 a6 7. Be3 e6 8. Qd2
Bd7 9. O-O-O Be7 10. g4 h6 11. Kb1 b5 12. Nxc6 Bxc6 13. Rg1 Nd7 14. Bd4 Rg8 15.
Qf2 Qc7 16. h4 b4 17. Ne2 Rc8 18. Nc1 a5 19. Ba6 Ra8 20. Be2 e5 21. Be3 a4 22.
Bc4 Rf8 23. Bd5 a3 24. b3 Ra5 25. g5 1/2-1/2

[Event "Gütersloher SV 1 - Südlohner SV 1"]
[Site "NRW-Klasse - Gruppe 2 2019/20"]
[Date "2019.10.06"]
[Round "2.1"]
[White "Michalczak, Thomas"]
[Black "Plaßmann, Dominik"]
[Result "1/2-1/2"]
[WhiteElo "2292"]
[BlackElo "2106"]
[PlyCount "34"]
[EventDate "2019.??.??"]
[SourceVersionDate "2020.03.16"]
[WhiteTeam "Südlohner SV 1"]
[BlackTeam "Gütersloher SV 1"]

1. e4 c5 2. Nf3 d6 3. d4 cxd4 4. Nxd4 Nf6 5. Nc3 a6 6. Nb3 g6 7. Be2 Bg7 8. O-O
O-O 9. Re1 Nbd7 10. Bf1 b5 11. Bg5 Bb7 12. Qd2 Rc8 13. Rab1 Re8 14. f3 Qc7 15.
a3 Nc5 16. Nxc5 Qxc5+ 17. Be3 Qc7 1/2-1/2

[Event "Gütersloher SV 1 - Südlohner SV 1"]
[Site "NRW-Klasse - Gruppe 2 2019/20"]
[Date "2019.10.06"]
[Round "2.2"]
[White "Grochtmann, Stephan"]
[Black "Kolakovic, Klaudio"]
[Result "1-0"]
[WhiteElo "2018"]
[BlackElo "2101"]
[PlyCount "65"]
[EventDate "2019.??.??"]
[SourceVersionDate "2020.03.16"]
[WhiteTeam "Gütersloher SV 1"]
[BlackTeam "Südlohner SV 1"]

1. e4 c5 2. Nf3 Nc6 3. Bb5 Qc7 4. O-O a6 5. Bxc6 dxc6 6. d3 e5 7. h3 f6 8. Nc3
Be6 9. Be3 O-O-O 10. Na4 g5 11. Bxc5 Bxc5 12. Nxc5 Qd6 13. Nxe6 Qxe6 14. Nd2 h5
15. b4 Ne7 16. a4 Ng6 17. b5 g4 18. bxa6 gxh3 19. Qb1 bxa6 20. Qb6 Kd7 21. Rab1
hxg2 22. Qb7+ Ke8 23. Rfe1 Ne7 24. Re3 Rg8 25. Qxa6 h4 26. Qc4 Qg4 27. Nf3 Qf4
28. Qe6 Rg7 29. a5 h3 30. Nh2 Rg6 31. Rxh3 Rh6 32. Rg3 Kf8 33. Rb7 1-0